Jacques Dupuis l'architecte
Uloženo v:
| Hlavní autoři: | , |
|---|---|
| Médium: | Kniha |
| Jazyk: | francouzština |
| Vydáno: |
Bruselas
Lettre volée
2000
Bruselas Communauté Française de Belgique 2000 |
| Témata: | |
| Tagy: |
Přidat tag
Žádné tagy, Buďte první, kdo vytvoří štítek k tomuto záznamu!
|
MARC
| LEADER | 00000nam a2200000 a 4500 | ||
|---|---|---|---|
| 001 | UCI7697 | ||
| 003 | CL-VaPUC | ||
| 008 | 080718e20000000be |||||||||||||||||fre|d | ||
| 020 | |a 2873171057 | ||
| 082 | 0 | 4 | |a 720 |b COH |2 21 |
| 100 | 0 | |a Cohen, Maurizio |e author |9 530977 | |
| 700 | 0 | |a Thomaes, Jan |e author |9 530978 | |
| 245 | 1 | 0 | |a Jacques Dupuis l'architecte |
| 300 | |a 367 p | ||
| 942 | |c BK | ||
| 945 | |d 20080718 00:00:00 |a jtorresc | ||
| 260 | |a Bruselas |b Lettre volée |c 2000 | ||
| 260 | |a Bruselas |b Communauté Française de Belgique |c 2000 | ||
| 600 | 0 | 7 | |a DUPUIS, JACQUES |2 CL-VaPUC |9 530979 |
| 650 | 0 | |a Arquitectura |y Siglo 20 |9 266208 | |
| 650 | 0 | |a Crítica e interpretación |9 255042 | |
| 651 | 7 | |a BELGICA |2 CL-VaPUC |9 315122 | |
| 583 | |a last modification |c 20171120 06:31:29 |k Rodrigo Vera | ||
| 999 | |c 330882 |d 330880 | ||
| 952 | |0 0 |1 0 |4 0 |6 720_000000000000000_COH_2000_2000 |7 0 |8 A |9 416795 |a BIBARQ |b BIBARQ |d 2019-11-22 |i 4457994 |o 720 COH 2000 2000 |p 4457994 |r 2025-01-20 |w 2019-11-22 |y BK |k ARQ | ||